15 największych miast Europy z mapą - Statystyki

Ogólne statystyki
  • Ten quiz został rozwiązany 9 728 razy
    9 714 od ostatniego zresetowania
  • Średni wynik to 12 z 13
Odpowiedzi na mapie
Odpowiedzi zakodowano w zielono-czerwonej skali na mapie do tego quizu, zgodnie z poniższymi procentami.
 
Statystyki odpowiedzi
Populacja Miasto % Poprawnych
4,85 mln Berlin
99%
14,9 mln Londyn
99%
6,55 mln Madryt
99%
11,5 mln Paryż
99%
19,1 mln Moskwa
98%
3,57 mln Rzym
98%
4,87 mln Barcelona
96%
3,47 mln Kijów
96%
3,42 mln Ateny
94%
6,1 mln Mediolan
84%
6,5 mln Petersburg
84%
15,9 mln Stambuł
83%
4,05 mln Neapol
77%
Nie znaleziono quizów pasujących do podanych kryteriów
Rozkład punktacji
Procent ludzi z każdym wynikiem
Percentyl według liczby udzielonych odpowiedzi
Twoja historia wyników
Nie rozwiązałeś tego quizu od ostatniego zresetowania